MARC details
| 000 -LEADER |
| fixed length control field |
02297cam a22004814a 4500 |
| 001 - CONTROL NUMBER |
| control field |
muse86529 |
| 003 - CONTROL NUMBER IDENTIFIER |
| control field |
MdBmJHUP |
| 005 - DATE AND TIME OF LATEST TRANSACTION |
| control field |
20210127151726.0 |
| 006 - FIXED-LENGTH DATA ELEMENTS--ADDITIONAL MATERIAL CHARACTERISTICS |
| fixed length control field |
m o d |
| 007 - PHYSICAL DESCRIPTION FIXED FIELD--GENERAL INFORMATION |
| fixed length control field |
cr||||||||nn|n |
| 008 - FIXED-LENGTH DATA ELEMENTS--GENERAL INFORMATION |
| fixed length control field |
200531r20201963ncu o 00 0 eng d |
| 020 ## - INTERNATIONAL STANDARD BOOK NUMBER |
| International Standard Book Number |
9781469657936 |
| 020 ## - INTERNATIONAL STANDARD BOOK NUMBER |
| Canceled/invalid ISBN |
1469657937 |
| 020 ## - INTERNATIONAL STANDARD BOOK NUMBER |
| Canceled/invalid ISBN |
9780807880401 |
| 035 ## - SYSTEM CONTROL NUMBER |
| System control number |
(OCoLC)1157995528 |
| 040 ## - CATALOGING SOURCE |
| Original cataloging agency |
MdBmJHUP |
| Transcribing agency |
MdBmJHUP |
| 050 #4 - LIBRARY OF CONGRESS CALL NUMBER |
| Classification number |
PT2426.Z5 |
| Item number |
M3 1963 |
| 082 0# - DEWEY DECIMAL CLASSIFICATION NUMBER |
| Classification number |
833.7 |
| 100 1# - MAIN ENTRY--PERSONAL NAME |
| Personal name |
McClain, William H., |
| Relator term |
author. |
| 245 10 - TITLE STATEMENT |
| Title |
Between Real and Ideal |
| Remainder of title |
The Course of Otto Ludwig's Development as a Narrative Writer / |
| Statement of responsibility, etc. |
William H. McClain. |
| 264 #1 - PRODUCTION, PUBLICATION, DISTRIBUTION, MANUFACTURE, AND COPYRIGHT NOTICE |
| Name of producer, publisher, distributor, manufacturer |
Project Muse, |
| 264 #3 - PRODUCTION, PUBLICATION, DISTRIBUTION, MANUFACTURE, AND COPYRIGHT NOTICE |
| Name of producer, publisher, distributor, manufacturer |
Project MUSE, |
| 300 ## - PHYSICAL DESCRIPTION |
| Extent |
1 online resource (1 EPUB unpaged) : |
| Other physical details |
illustrations. |
| 490 0# - SERIES STATEMENT |
| Series statement |
UNC studies in the Germanic languages and literatures ; |
| Volume/sequential designation |
number 40 |
| 500 ## - GENERAL NOTE |
| General note |
Issued as part of book collections on Project MUSE. |
| 504 ## - BIBLIOGRAPHY, ETC. NOTE |
| Bibliography, etc. note |
Includes bibliographical references. |
| 506 0# - RESTRICTIONS ON ACCESS NOTE |
| Terms governing access |
Open Access |
| Standardized terminology for access restriction |
Unrestricted online access |
| Source of term |
star |
| 520 ## - SUMMARY, ETC. |
| Summary, etc. |
Otto Ludwig, nineteenth-century German novelist and critic, originated the term poetic realism. In this excellent study, Ludwig's prose is sympathetically and thoroughly examined and a clear account of the evolution of German fiction after Romanticism is presented. Taking Ludwig's narrative works together with his literary criticism, McClain shows how the author attempted to blend the real and the ideal to reach the goal of poetic realism as he envisioned it. |
| 588 ## - SOURCE OF DESCRIPTION NOTE |
| Source of description note |
Description based on print version record. |
| 600 11 - SUBJECT ADDED ENTRY--PERSONAL NAME |
| Personal name |
Ludwig, Otto, |
| Dates associated with a name |
1813-1865 |
| General subdivision |
Criticism and interpretation. |
| 655 #0 - INDEX TERM--GENRE/FORM |
| Genre/form data or focus term |
Electronic books. |
| 655 #7 - INDEX TERM--GENRE/FORM |
| Genre/form data or focus term |
Electronic books. |
| Source of term |
local |
| 710 2# - ADDED ENTRY--CORPORATE NAME |
| Corporate name or jurisdiction name as entry element |
Project Muse, |
| Relator term |
distributor. |
| 776 18 - ADDITIONAL PHYSICAL FORM ENTRY |
| Relationship information |
Print version: |
| Record control number |
(DLC) 63063586 |
| International Standard Book Number |
9780807880401 |
| -- |
080788040X |
| 710 2# - ADDED ENTRY--CORPORATE NAME |
| Corporate name or jurisdiction name as entry element |
Project Muse. |
| Relator term |
distributor |
| 830 #0 - SERIES ADDED ENTRY--UNIFORM TITLE |
| Uniform title |
University of North Carolina studies in the Germanic languages and literatures ; |
| Volume/sequential designation |
no. 40. |
| 830 #0 - SERIES ADDED ENTRY--UNIFORM TITLE |
| Uniform title |
Book collections on Project MUSE. |
| 856 40 - ELECTRONIC LOCATION AND ACCESS |
| Public note |
Full text available: |
| Uniform Resource Identifier |
<a href="https://muse.jhu.edu/book/75810/">https://muse.jhu.edu/book/75810/</a> |